[Event "SVK-chT3A2 0809"]
[Site "Slovakia"]
[Date "2009.03.22"]
[Round "10.3"]
[White "Kocak, Branislav"]
[Black "Hagara, Vladimir"]
[Result "1/2-1/2"]
[WhiteElo "1896"]
[BlackElo "1969"]
[PlyCount "71"]
[EventDate "2008.10.19"]
[EventType "team-tourn"]
[EventRounds "11"]
[EventCountry "SVK"]
[SourceTitle "EXT 2010"]
[Source "ChessBase"]
[SourceDate "2010.11.25"]
[SourceVersion "1"]
[SourceVersionDate "2010.11.25"]
[SourceQuality "1"]
[WhiteTeam "Gbely Nafta"]
[BlackTeam "Trnava Lokomotiva III"]
[WhiteTeamCountry "SVK"]
[BlackTeamCountry "SVK"]

1. d4 Nf6 2. c4 g6 3. Nc3 d5 4. cxd5 Nxd5 5. e4 Nxc3 6. bxc3 Bg7 7. Bc4 0-0 8. Ne2 c5 9. 0-0 Nc6 10. Be3 cxd4 11. cxd4 e6 12. Rb1 Na5 13. Bd3 b6 14. f3 Bb7 15. Qd2 Rc8 16. Rfc1 Qd7 17. g3 Rxc1+ 18. Rxc1 Rc8 19. h4 Rxc1+ 20. Qxc1 Qc6 21. Kf2 Qxc1 22. Bxc1 Nc6 23. Bb2 Nb4 24. Bb1 Ba6 25. Ke3 Bc4 26. a3 Nc6 27. Bd3 Na5 28. Bc3 Bxd3 29. Kxd3 Nb7 30. Bb4 b5 31. Nc3 a6 32. e5 Bf8 33. Ne4 h6 34. Nf6+ Kg7 35. Ne8+ Kg8 36. Nf6+ 1/2-1/2

[Event "SVK-chT3A2 0809"]
[Site "Slovakia"]
[Date "2009.02.08"]
[Round "7.4"]
[White "Vepy, Ivan"]
[Black "Kocak, Branislav"]
[Result "0-1"]
[WhiteElo "1941"]
[BlackElo "1896"]
[PlyCount "90"]
[EventDate "2008.10.19"]
[EventType "team-tourn"]
[EventRounds "11"]
[EventCountry "SVK"]
[SourceTitle "EXT 2010"]
[Source "ChessBase"]
[SourceDate "2010.11.25"]
[SourceVersion "1"]
[SourceVersionDate "2010.11.25"]
[SourceQuality "1"]
[WhiteTeam "Skalica"]
[BlackTeam "Gbely Nafta"]
[WhiteTeamCountry "SVK"]
[BlackTeamCountry "SVK"]

1. e4 c5 2. Nf3 d6 3. d4 cxd4 4. Nxd4 Nf6 5. Nc3 a6 6. Bg5 e5 7. Nb3 Be6 8. Be2 Be7 9. Qd2 Nbd7 10. f4 exf4 11. Bxf4 Ne5 12. 0-0-0 Qc7 13. Bxe5 dxe5 14. Qe3 Rc8 15. Kb1 0-0 16. h3 b5 17. Bd3 Bc4 18. Qe2 Bxd3 19. Rxd3 Rfd8 20. Rhd1 b4 21. Nd5 Nxd5 22. exd5 a5 23. Na1 a4 24. Qe4 Bd6 25. Rf1 Qc4 26. Qf5 Rc7 27. Re1 Rdc8 28. Re4 Qxd3 29. Qxc8+ Rxc8 30. cxd3 f5 31. Rc4 Rxc4 32. dxc4 h5 33. Nc2 Kf7 34. Kc1 Bc5 35. Kd2 Kf6 36. a3 bxa3 37. bxa3 e4 38. Kc3 f4 39. Kd2 g5 40. Ke2 g4 41. hxg4 hxg4 42. Kd2 Ke5 43. Ke1 f3 44. gxf3 exf3 45. Kf1 g3 0-1

[Event "SVK-chT3A2 0809"]
[Site "Slovakia"]
[Date "2009.01.25"]
[Round "6.3"]
[White "Diviak, Rastislav"]
[Black "Kocak, Branislav"]
[Result "0-1"]
[WhiteElo "2022"]
[BlackElo "1896"]
[PlyCount "156"]
[EventDate "2008.10.19"]
[EventType "team-tourn"]
[EventRounds "11"]
[EventCountry "SVK"]
[SourceTitle "EXT 2010"]
[Source "ChessBase"]
[SourceDate "2010.11.25"]
[SourceVersion "1"]
[SourceVersionDate "2010.11.25"]
[SourceQuality "1"]
[WhiteTeam "Osuske II"]
[BlackTeam "Gbely Nafta"]
[WhiteTeamCountry "SVK"]
[BlackTeamCountry "SVK"]

1. e4 c5 2. Nf3 d6 3. d4 cxd4 4. Nxd4 Nf6 5. Nc3 a6 6. Be2 e5 7. Nb3 Be6 8. 0-0 Be7 9. f4 exf4 10. Bxf4 0-0 11. Qe1 Nc6 12. Qg3 Qc7 13. Rad1 Rfd8 14. Kh1 b5 15. Bh6 Ne8 16. Nd4 Nxd4 17. Rxd4 g6 18. Bg5 Bxg5 19. Qxg5 Qc5 20. Qd2 Rac8 21. a3 Qe5 22. Bf3 Rc5 23. Ne2 Bc4 24. c3 Qg5 25. Qxg5 Rxg5 26. Rfd1 Bxe2 27. Bxe2 Re5 28. Bf3 Kf8 29. Kg1 Ke7 30. a4 Rb8 31. Ra1 bxa4 32. Raxa4 Rxb2 33. Rxa6 Rc5 34. Ra3 h5 35. Rb4 Rc2 36. Rb7+ Rc7 37. Rbb3 Nf6 38. Kf1 Nd7 39. Ke1 Rc1+ 40. Kd2 Rh1 41. h3 Ne5 42. Ke2 Rg1 43. Kf2 Rc1 44. Ke2 Rc2+ 45. Kd1 Rf2 46. Ke1 Nd3+ 47. Kd1 Nf4 48. Ke1 Nd3+ 49. Kd1 Rb2 50. Rxb2 Nxb2+ 51. Kc2 Nc4 52. Rb3 Ne5 53. Be2 Ra7 54. Kb2 Nd7 55. Rb4 Nc5 56. g3 Ke6 57. Bf3 Nd3+ 58. Kb3 Nxb4 59. cxb4 Ra1 60. g4 Re1 61. Kc4 Re3 62. Bg2 hxg4 63. hxg4 Ke5 64. b5 Re2 65. Bf3 Rc2+ 66. Kb4 Kd4 67. Bd1 Rb2+ 68. Bb3 Rh2 69. b6 Rh8 70. Bxf7 Kxe4 71. Bxg6+ Kd5 72. Kb5 Rh2 73. Bf7+ Ke5 74. b7 Kf6 75. Kb6 Rb2+ 76. Kc7 Kxf7 77. b8Q Rxb8 78. Kxb8 d5 0-1